000 01275nam a22002777a 4500
005 20200104041619.0
008 130902b2009 ck |||||r|||| 00| 0 spa d
040 _aCO-BoIAVH
_cCO-BoIAVH
041 _aspa
044 _ack
090 _aIAVH
_b01410
100 _aRenjifo, Luis Miguel
_992541
245 1 _aGeneración de una línea base de información para la aplicación de un método analítico que permita la futura evaluación del riesgo actual de extinción de la avifauna colombiana y consolidación de la comunidad ornitológica en Colombia
_cLuis Miguel Renjifo ... [et al].
260 _aBogotá
_bInstituto Alexander von Humboldt
_bPontificia Universidad Javeriana
_c2009
300 _a47 p.
_bempaste argolla
500 _aInforme final convenio No. 0231 de 2009 Pontificia Universidad Javeriana. Fac. Estudios Ambientales y Rurales e IAVH
505 _aEvaluación del riesgo de extinción de la totalidad de especies de la avifauna colombiana.
650 _aAvifauna
_zColombia
_931424
650 _aOrnitología
_931425
650 _aEvaluación del riesgo
_91992
650 _aEspecies amanazadas
_91993
700 _aRenjifo, Luis Miguel
_992541
700 _aAmaya, Juan David
_91995
700 _aGómez, María Fernanda
_9259
942 _2z
_cINFORME
999 _c7648
_d7648